000 00390cam a22001457a 4500
008 180718b1967 xxu||||| |||| 00| 0 eng d
082 _aAAx54 D491
100 _aDevaraja, N.J.
245 _aMind and Spirit of India
_cby N.J. Devaraja
260 _aDelhi
_bMotilal Banarasidass
_c1967
300 _a403p.
500 _aRs.20.00
650 _aCulture - India
650 _aPhilosophy, Indian
999 _c364135
_d364135